Biblioteca

Cuando solo queda la esperanza (Registro nro. 68728)

Detalles MARC
000 -LÍDER
Campo fijo de descripción fija 01394nam a2200301 i 4500
001 - NÚMERO DE CONTROL
Campo de control 768714001
003 - IDENTIFICADOR DEL NÚMERO DE CONTROL
Campo de control CO-MdFUSB
005 - FECHA Y HORA DE LA ULTIMA TRANSACCIÓN
control field 20240626125159.0
007 - CAMPO FIJO DE DESCRIPCIÓN FIJA--INFORMACIÓN GENERAL
Campo fijo de descripción fija ta
008 - ELEMENTOS DE LONGITUD FIJA -- INFORMACIÓN GENERAL
Campo fijo de descripción fija -- Información general 230417t2007 pe |||| |||| 00| 0 spa d
020 ## - NÚMERO INTERNACIONAL NORMALIZADO PARA LIBROS
Información adicional [No incluye ISBN]
040 ## - FUENTE DE CATALOGACIÓN
Agencia de catalogación original CO-MdFUSB
Idioma de catalogación spa
Agencia que realiza la transcripción CO-MdFUSB
Agencia que realiza la modificación CO-MdFUSBC
Convenciones de la descripción rda
041 ## - CÓDIGO DE IDIOMA
Código de idioma para texto/pista de sonido o título separado spa
082 ## - NÚMERO DE CLASIFICACIÓN DECIMAL DEWEY
Número de la edición del Dewey 23
Número de clasificación 260
Clave de autor-Numero de item SA237
100 ## - ASIENTO PRINCIPAL--NOMBRE PERSONAL
Nombre personal Santos Caller, Luis A.
Término relacionador autor
245 ## - TÍTULO
Título del Material Cuando solo queda la esperanza
Mención de responsabilidad, etc. / Luis A. Santos Caller
264 #0 - PRODUCCIÓN, PUBLICACIÓN, DISTRIBUCIÓN, MANUFACTURA, Y COPYRIGHT
Lugar de producción, publicación, distribución, manufactura Lima, Perú :
Nombre del productor, publicador, distribuidor Celtronic del Perú,
Fecha de producción, publicación, distribución, manufactura, o copyright [2008]
300 ## - DESCRIPCIÓN FÍSICA
Extensión 311 páginas
Dimensiones ; 21 cm
336 ## - TIPO DE CONTENIDO
Fuente rdacontent
Término de tipo de contenido texto
Código de tipo de contenido tdi
337 ## - TIPO DE MEDIO
Fuente rdamedia
Nombre del tipo de medio sin mediación
Código del tipo de medio n
338 ## - TIPO DE SOPORTE
Fuente rdacarrier
Nombre del tipo de soporte volumen
Código Tipo de soporte nc
505 ## - NOTA DE CONTENIDO
Nota de contenido con formato preestablecido Una prueba de natación. -- La gracia vs la Ley. -- Las hormigas de San Francisco. -- Una noche en el cementerio. -- ¿Una iglesia evangélica es una colonia de frailes? -- La iglesia en el arrozal. -- La iglesia en el leprosorio. -- Don Manuel. -- Los secoyas. -- El mitayero. -- Cuando solo queda la esperanza.
520 ## - NOTA DE RESUMEN, ETC.
Nota de sumario, etc. Las narraciones contenidas en este libro son hechos verídicos acaecidos en una extensa zona de la Amazonía peruana, en los grandes bosques y en las orillas del rio Napo, uno de los afluentes más grandes del Amazonas y en el mismo Rio Amazonas, en el Perú.<br/>
563 ## - NOTA DE ENCUADERNACIÓN
Nota de encuadernación Rústico
650 #0 - ASIENTO SECUNDARIO DE MATERIA - TERMINO TEMÁTICO
9 (RLIN) 362
Término temático o nombre geográfico como elemento de entrada Evangelización
942 ## - TIPO DE MATERIAL (KOHA)
Tipo de Item KOHA Libros General
945 ## - INFORMACIÓN LOCAL DEL REGISTRO
Catalogador JTF-925
Existencias
Estado de Material Estado de Perdido Forma de Clasificación Estado de Dañado No para Préstamo Colección Biblioteca de Origen Biblioteca Permanente Fecha de Adquisición Área Total de Préstamos Signatura Topográfica Código de Barras Última vez visto Ejemplar/Existencia Fecha de Remplazo Tipo de Material
    Dewey Decimal Classification     Colección General Biblioteca FUSBC Biblioteca FUSBC 17/04/2023 MISIONES / EVANGELISMO   G 260 SA237c 24112 17/04/2023 Ej. 1 17/04/2023 Libros General

Biblioteca FUSBC | Teléfono: (57+4) 349 88 10 Ext. 141| WhatsApp (+57) 3005338115 
E-mail: biblioteca@unisbc.edu.co | Calle 76 87-14 Robledo Palenque, Medellín, Colombia

Con tecnología Koha